| 000 | 00838nam a2200217 a 4500 | ||
|---|---|---|---|
| 001 | 83171 | ||
| 003 | BD-RjUL | ||
| 005 | 20240228104024.0 | ||
| 008 | 240228n1965uuuuii 000 0 ara d | ||
| 035 | _a(BD-RjUL)83171 | ||
| 040 |
_aNNL _bara _cBD-RjUL |
||
| 041 | _aara | ||
| 082 |
_223 _a016.091297 _bSHM 1965 |
||
| 100 |
_a شير، سيد أطهر ;; Sher, Syed Athar _911945 |
||
| 245 | 1 | 0 |
_aمفتاح الكنوز : فهرست مخطوطات عربي مكتبة خدا بخش الشرقية العامة ;; miftah alkunuz : faharasat makhtutat earabiun maktabatan khadana bikhash alsharqiat aleama / / _cسيد اطهر شير ;;Syed Athar Sher |
| 260 |
_aپتنه : _bدريونين پريس. _c1965 |
||
| 300 | _a١ ج.جلد 3. | ||
| 505 | _aVol. 3.-- | ||
| 650 | 4 |
_aManuscripts, Oriental _vCatalogs _911946 |
|
| 942 |
_2ddc _cBK |
||
| 999 |
_c83171 _d83171 |
||